[Event "Chioggia op-B 11th"]
[Site "Chioggia"]
[Date "2016.10.08"]
[Round "3"]
[White "El Khalqi, Mohamed"]
[Black "Quaranta, Gaetano"]
[Result "0-1"]
[WhiteElo "1473"]
[BlackElo "1798"]
[PlyCount "100"]
[EventDate "2016.10.07"]
[EventType "swiss"]
[EventRounds "5"]
[EventCountry "ITA"]
[SourceTitle "EXT 2022"]
[Source "ChessBase"]
[SourceDate "2021.10.06"]
[SourceVersion "1"]
[SourceVersionDate "2021.10.06"]
[SourceQuality "1"]

1. e4 e5 2. Nf3 Nc6 3. d4 exd4 4. Nxd4 Bc5 5. Nb3 Bb6 6. Bd3 Nf6 7. 0-0 h6 8. Nc3 0-0 9. Qf3 d6 10. h3 Ne5 11. Qe2 a6 12. Be3 Bxe3 13. Qxe3 Nxd3 14. Qxd3 Re8 15. Rfe1 b6 16. Re2 Bb7 17. Rae1 Nh5 18. Qd1 Qg5 19. Qd2 Nf4 20. f3 Nxe2+ 21. Qxe2 Re7 22. Rd1 Rae8 23. Qc4 Bc8 24. Nd5 Bxh3 25. Nxe7+ Rxe7 26. Rd3 Be6 27. Qc3 Bxb3 28. cxb3 Qc5+ 29. Rd4 Qxc3 30. bxc3 Kf8 31. Kf2 Ke8 32. a4 a5 33. f4 f6 34. Kf3 Kd7 35. g3 g5 36. Rd1 h5 37. Rd5 c6 38. Rf5 g4+ 39. Ke3 d5 40. e5 fxe5 41. Rxh5 exf4+ 42. Kxf4 Re4+ 43. Kf5 Kd6 44. Rh4 c5 45. Rh6+ Kc7 46. Rh7+ Kb8 47. Rh6 Ka7 48. c4 Rd4 49. cxd5 Rxd5+ 50. Kxg4 Rd3 0-1

[Event "Veneto Region-ch"]
[Site "Arqua Petrarca"]
[Date "2006.05.14"]
[Round "5"]
[White "Ravagnani, Tiziano"]
[Black "Quaranta, Gaetano"]
[Result "1-0"]
[WhiteElo "2055"]
[BlackElo "1619"]
[PlyCount "45"]
[EventDate "2006.05.06"]
[EventType "swiss"]
[EventRounds "6"]
[EventCountry "ITA"]
[SourceTitle "EXT 2011"]
[Source "ChessBase"]
[SourceDate "2010.11.26"]
[SourceVersion "1"]
[SourceVersionDate "2010.11.26"]
[SourceQuality "1"]

1. e4 e5 2. Nf3 Nc6 3. Nc3 Nf6 4. Bb5 d6 5. 0-0 Be7 6. d4 exd4 7. Nxd4 Bd7 8. Nf5 Bxf5 9. exf5 0-0 10. g4 h6 11. f4 Nh7 12. Nd5 a6 13. Bd3 Bh4 14. g5 hxg5 15. fxg5 Bxg5 16. f6 g6 17. Bxg5 Nxg5 18. Qg4 Nh7 19. Bxg6 Nxf6 20. Nxf6+ Kg7 21. Be4+ Kh6 22. Qh5+ Kg7 23. Qh7# 1-0

[Event "Alta Padovana op-A 6th"]
[Site "Loreggia"]
[Date "2006.02.25"]
[Round "3.10"]
[White "De Nardi, Riccardo"]
[Black "Quaranta, Gaetano"]
[Result "1-0"]
[WhiteElo "1933"]
[BlackElo "1670"]
[PlyCount "93"]
[EventDate "2006.02.24"]
[EventType "swiss"]
[EventRounds "5"]
[EventCountry "ITA"]
[SourceTitle "EXT 2024"]
[Source "ChessBase"]
[SourceDate "2023.10.10"]
[SourceVersion "1"]
[SourceVersionDate "2023.10.10"]
[SourceQuality "1"]

1. e4 e5 2. Nf3 Nc6 3. Bc4 Nf6 4. Ng5 d5 5. exd5 Na5 6. Bb5+ c6 7. dxc6 bxc6 8. Be2 h6 9. Nf3 e4 10. Ne5 Bd6 11. d4 Qc7 12. f4 0-0 13. 0-0 Bf5 14. Nc3 Rad8 15. Qe1 Nb7 16. Be3 c5 17. Nb5 Qb6 18. Nxd6 Rxd6 19. Nc4 Qc6 20. Nxd6 Qxd6 21. Rd1 cxd4 22. Bxd4 Qe6 23. Bxf6 Qxf6 24. Kh1 Qc6 25. c3 Nc5 26. Rd4 Qb6 27. Qd1 Be6 28. b4 Nb7 29. Rxe4 Bxa2 30. Rd4 Re8 31. Bf3 Nd8 32. Rd6 Qc7 33. Qa4 Qxd6 34. Qxe8+ Kh7 35. Rd1 Qxf4 36. Qe4+ Qxe4 37. Bxe4+ f5 38. Bxf5+ g6 39. Bxg6+ Kxg6 40. Rxd8 Bc4 41. Rc8 Bd3 42. c4 Kf5 43. c5 Ke6 44. Rc6+ Kd5 45. Rd6+ Kc4 46. Rxd3 Kxd3 47. c6 1-0

[Event "Padova op 8th"]
[Site "Padova"]
[Date "2005.12.18"]
[Round "9"]
[White "Quaranta, Gaetano"]
[Black "Belloni, Umberto"]
[Result "1-0"]
[WhiteElo "1625"]
[BlackElo "1910"]
[PlyCount "49"]
[EventDate "2005.12.10"]
[EventType "swiss"]
[EventRounds "9"]
[EventCountry "ITA"]
[SourceTitle "EXT 2008"]
[Source "ChessBase"]
[SourceDate "2007.11.25"]
[SourceVersion "1"]
[SourceVersionDate "2007.11.25"]
[SourceQuality "1"]

1. e4 e6 2. d4 d5 3. exd5 exd5 4. Nf3 Bg4 5. Be2 Bd6 6. Nc3 c6 7. h3 Bxf3 8. Bxf3 Qe7+ 9. Be3 Nd7 10. Qd2 Nb6 11. Be2 f5 12. 0-0 Nf6 13. f3 0-0-0 14. a4 Rde8 15. Bg5 h6 16. Bxf6 gxf6 17. a5 Nd7 18. f4 Qe3+ 19. Qxe3 Rxe3 20. Rf2 Rg8 21. Bf3 Bxf4 22. Nd1 Re7 23. Bxd5 cxd5 24. Rxf4 Re3 25. Nxe3 1-0

[Event "Veneto-ch qf 65th"]
[Site "Arqua Petrarca"]
[Date "2005.05.15"]
[Round "6.14"]
[White "Quaranta, Gaetano"]
[Black "Zangrando, Gianpietro"]
[Result "1/2-1/2"]
[WhiteElo "1589"]
[BlackElo "1897"]
[PlyCount "90"]
[EventDate "2005.05.07"]
[EventType "swiss"]
[EventRounds "6"]
[EventCountry "ITA"]
[SourceTitle "EXT 2024"]
[Source "ChessBase"]
[SourceDate "2023.10.10"]
[SourceVersion "1"]
[SourceVersionDate "2023.10.10"]
[SourceQuality "1"]

1. e4 e6 2. d4 d5 3. e5 c5 4. c3 Nc6 5. Nf3 Qb6 6. Bd3 cxd4 7. cxd4 Bd7 8. 0-0 Nb4 9. Nc3 Nxd3 10. Qxd3 Ne7 11. Re1 Ng6 12. Be3 Be7 13. Rec1 0-0 14. Rc2 Rfc8 15. Rac1 Qd8 16. a3 a6 17. h3 Bc6 18. Nd2 Kh8 19. f4 f5 20. Nf3 Nh4 21. Bf2 Nxf3+ 22. Qxf3 Be8 23. Be3 Rc4 24. g4 Bg6 25. g5 Rac8 26. h4 Qe8 27. Rh2 Bh5 28. Qg3 g6 29. Rhc2 b5 30. Qf2 Qd8 31. Qd2 Qd7 32. Kf2 b4 33. axb4 Bxb4 34. Qd3 a5 35. Kg3 Kg7 36. b3 Rxc3 37. Rxc3 Rxc3 38. Rxc3 Be2 39. Qc2 Bxc3 40. Qxc3 Bd1 41. Bd2 Qb7 42. Qxa5 Qxb3+ 43. Bc3 Qb1 44. Qc5 Ba4 45. Bb4 Qg1+ 1/2-1/2

[Event "Alta Padovana op-B 5th"]
[Site "Loreggia"]
[Date "2005.02.26"]
[Round "3"]
[White "Tomio, Dante"]
[Black "Quaranta, Gaetano"]
[Result "1-0"]
[WhiteElo "1891"]
[BlackElo "1751"]
[PlyCount "176"]
[EventDate "2005.02.25"]
[EventType "swiss"]
[EventRounds "5"]
[EventCountry "ITA"]
[SourceTitle "EXT 2024"]
[Source "ChessBase"]
[SourceDate "2023.10.10"]
[SourceVersion "1"]
[SourceVersionDate "2023.10.10"]
[SourceQuality "1"]

1. d4 Nf6 2. Nf3 g6 3. c4 Bg7 4. Nc3 0-0 5. e4 d6 6. Be2 Nbd7 7. Bg5 h6 8. Bh4 a5 9. Qc2 c5 10. d5 g5 11. Bg3 Nh5 12. h4 Nxg3 13. fxg3 g4 14. Nh2 h5 15. 0-0 Ne5 16. Nd1 e6 17. Ne3 Ng6 18. Kh1 Be5 19. dxe6 Bxe6 20. Nf5 Ne7 21. Qd2 Bxf5 22. exf5 Nc6 23. Qh6 Qf6 24. Qxh5 Bxg3 25. Qxg4+ Qg7 26. Qh5 Nd4 27. Bd3 f6 28. Be4 Rfe8 29. Bd5+ Kf8 30. Nf3 Ne2 31. Ng5 Nf4 32. Rxf4 Bxf4 33. Ne6+ Rxe6 34. Bxe6 Ke7 35. Qf3 Kd8 36. Qxf4 Kc7 37. Rd1 Rd8 38. Rd3 Qh7 39. g4 Qxh4+ 40. Kg2 Qe1 41. Qe3 Qb1 42. Rd2 Rh8 43. Qg1 Qe4+ 44. Kf2 Qf4+ 45. Ke1 Qe4+ 46. Re2 Qf3 47. Bd5 Qf4 48. Re7+ Kd8 49. Qe3 Qxe3+ 50. Rxe3 b6 51. Bc6 Kc7 52. Bd5 Kd8 53. Re6 Rh4 54. Rxf6 Rxg4 55. Rxd6+ Kc7 56. Rc6+ Kd7 57. Rxb6 Rf4 58. Be6+ Ke7 59. Rb5 Re4+ 60. Kd2 Kd6 61. Rxa5 Rd4+ 62. Kc3 Rf4 63. Ra6+ Ke7 64. a4 Rf3+ 65. Kd2 Rf2+ 66. Ke3 Rxb2 67. Rc6 Rb3+ 68. Kf4 Rb4 69. a5 Ra4 70. Rxc5 Kd6 71. Rd5+ Kc6 72. Ke5 Ra2 73. f6 Re2+ 74. Kf5 Rf2+ 75. Kg6 Re2 76. Kf7 Rh2 77. Ke7 Rh7+ 78. f7 Kb7 79. Ke8 Rh8+ 80. f8Q Rxf8+ 81. Kxf8 Kc6 82. Rh5 Kb7 83. Bd5+ Ka6 84. Bg2 Ka7 85. Rb5 Ka6 86. Rb1 Kxa5 87. c5 Ka6 88. c6 Ka5 1-0

[Event "Padova op-B 7th"]
[Site "Padova"]
[Date "2004.12.19"]
[Round "5"]
[White "Quaranta, Gaetano"]
[Black "Rigo, Caterina"]
[Result "0-1"]
[WhiteElo "1700"]
[BlackElo "1667"]
[PlyCount "45"]
[EventDate "2004.12.11"]
[EventType "swiss"]
[EventRounds "6"]
[EventCountry "ITA"]
[SourceTitle "EXT 2023"]
[Source "ChessBase"]
[SourceDate "2022.10.05"]
[SourceVersion "1"]
[SourceVersionDate "2022.10.05"]
[SourceQuality "1"]

1. e4 d6 2. c4 Nf6 3. Nc3 g6 4. Nf3 Bg7 5. d4 Nbd7 6. Be2 0-0 7. 0-0 e5 8. d5 Nc5 9. Qc2 a5 10. Be3 Ncd7 11. a3 Ng4 12. Bg5 f6 13. Bh4 Nb6 14. h3 Nh6 15. c5 dxc5 16. Nxe5 g5 17. Nf3 gxh4 18. Nxh4 f5 19. Nf3 fxe4 20. Nd2 Nf5 21. Ndxe4 Nd4 22. Qd1 Nxe2+ 23. Qxe2 0-1

[Event "Veneto-ch Quarti di Finale 64th"]
[Site "Arqua Petrarca"]
[Date "2004.05.09"]
[Round "3.17"]
[White "Quaranta, Gaetano"]
[Black "Bettera, Roberto"]
[Result "0-1"]
[WhiteElo "1718"]
[BlackElo "1919"]
[PlyCount "72"]
[EventDate "2004.05.08"]
[EventType "swiss"]
[EventRounds "6"]
[EventCountry "ITA"]
[SourceTitle "EXT 2023"]
[Source "ChessBase"]
[SourceDate "2022.10.05"]
[SourceVersion "1"]
[SourceVersionDate "2022.10.05"]
[SourceQuality "1"]

1. e4 c5 2. d4 cxd4 3. c3 Nf6 4. e5 Nd5 5. cxd4 e6 6. Nf3 d6 7. Bc4 Nc6 8. Bxd5 exd5 9. exd6 Bxd6 10. 0-0 0-0 11. Nc3 Bg4 12. Be3 Qd7 13. Nb5 Bb8 14. Rc1 a6 15. Nc3 Qd6 16. g3 Qf6 17. Kg2 Qf5 18. Nh4 Qh5 19. Qb3 g5 20. Nxd5 Kg7 21. Qxb7 gxh4 22. Qxa8 Bf3+ 23. Kg1 Bxd5 24. Rc3 hxg3 25. fxg3 Bxg3 26. Qxf8+ Kxf8 27. hxg3 Qh1+ 28. Kf2 Qg2+ 29. Ke1 Qxb2 30. Bh6+ Ke8 31. Re3+ Kd7 32. Rf2 Qc1+ 33. Ke2 Nxd4+ 34. Kd3 Qc4+ 35. Kd2 Qc2+ 36. Ke1 Qc1# 0-1

[Event "Veneto-ch qf 63rd"]
[Site "Arqua Petrarca"]
[Date "2003.05.10"]
[Round "4.14"]
[White "Quaranta, Gaetano"]
[Black "Velluti, Alberto"]
[Result "1/2-1/2"]
[WhiteElo "1597"]
[BlackElo "1646"]
[PlyCount "36"]
[EventDate "2003.05.03"]
[EventType "swiss"]
[EventRounds "6"]
[EventCountry "ITA"]
[SourceTitle "EXT 2024"]
[Source "ChessBase"]
[SourceDate "2023.10.10"]
[SourceVersion "1"]
[SourceVersionDate "2023.10.10"]
[SourceQuality "1"]

1. e4 c5 2. d4 cxd4 3. c3 d5 4. exd5 Qxd5 5. cxd4 Nc6 6. Nf3 e5 7. Nc3 Bb4 8. Bd2 Bxc3 9. Bxc3 exd4 10. Nxd4 Nf6 11. Be2 0-0 12. 0-0 Ne4 13. Nxc6 Qxc6 14. Rc1 Nxc3 15. Rxc3 Qf6 16. Qc1 Be6 17. Bc4 Rac8 18. Bxe6 Qxe6 1/2-1/2

[Event "Veneto-ch qf 63rd"]
[Site "Arqua Petrarca"]
[Date "2003.05.03"]
[Round "1.15"]
[White "Quaranta, Gaetano"]
[Black "Roberti, Ignazio"]
[Result "1/2-1/2"]
[WhiteElo "1597"]
[BlackElo "2001"]
[PlyCount "201"]
[EventDate "2003.05.03"]
[EventType "swiss"]
[EventRounds "6"]
[EventCountry "ITA"]
[SourceTitle "EXT 2024"]
[Source "ChessBase"]
[SourceDate "2023.10.10"]
[SourceVersion "1"]
[SourceVersionDate "2023.10.10"]
[SourceQuality "1"]

1. e4 c5 2. d4 cxd4 3. c3 Nf6 4. e5 Nd5 5. cxd4 e6 6. Nf3 Nc6 7. Bc4 Nb6 8. Bb3 d5 9. 0-0 Be7 10. Nc3 a6 11. Bf4 0-0 12. Rc1 Nc4 13. Bxc4 dxc4 14. a4 Nb4 15. Ne1 Nd5 16. Nxd5 exd5 17. Nf3 Bg4 18. h3 Bh5 19. b3 b5 20. axb5 axb5 21. bxc4 bxc4 22. g4 Bg6 23. Qd2 Ra3 24. Be3 Be4 25. Ng5 Rd3 26. Nxe4 Rxd2 27. Nxd2 Bb4 28. Nf3 Qd7 29. Rb1 Qa4 30. Ra1 Qc2 31. Rac1 Qe4 32. Ng5 Qd3 33. Rb1 Ba3 34. Rfd1 Qg6 35. Ra1 Bb2 36. Ra5 Qc6 37. Rc5 Qa4 38. Rf1 Rd8 39. e6 fxe6 40. Nxe6 Re8 41. Nc7 Rc8 42. Nxd5 Rxc5 43. dxc5 c3 44. c6 Kf7 45. c7 Qc6 46. Bf4 c2 47. Nb6 c1Q 48. Rxc1 Bxc1 49. c8Q Qxc8 50. Nxc8 Bxf4 51. Nb6 Ke6 52. Kg2 g6 53. Kf3 Bb8 54. Nc4 Ba7 55. Ke2 Kd5 56. Nd2 Ke5 57. Kf3 Kd4 58. Ne4 h6 59. Nd6 Bc5 60. Nf7 Bf8 61. Nh8 g5 62. Ng6 Bd6 63. h4 Kd3 64. hxg5 hxg5 65. Nh8 Bf4 66. Nf7 Kd4 67. Nd8 Kd5 68. Ke2 Kd6 69. Kd3 Kd7 70. Nf7 Ke6 71. Nh6 Ke5 72. f3 Bc1 73. Nf5 Kf4 74. Ke2 Bb2 75. Ne3 Bg7 76. Ng2+ Ke5 77. Kd3 Bf8 78. Ne3 Bc5 79. Nf5 Kf4 80. Ke2 Bb6 81. Ng7 Be3 82. Ne6+ Ke5 83. Nxg5 Bc1 84. Ne4 Kf4 85. g5 Kf5 86. Kf2 Bxg5 87. Nxg5 Kxg5 88. Ke3 Kf6 89. Ke4 Ke6 90. f4 Ke7 91. f5 Kf6 92. Kf4 Kf7 93. Kg5 Kg7 94. f6+ Kf7 95. Kf5 Kf8 96. Ke6 Ke8 97. Kf5 Kf7 98. Ke5 Kf8 99. Ke6 Ke8 100. f7+ Kf8 101. Kf6 1/2-1/2

[Event "Padova op-A 5th"]
[Site "Padova"]
[Date "2002.12.21"]
[Round "4.25"]
[White "Morganti, Lionello"]
[Black "Quaranta, Gaetano"]
[Result "0-1"]
[WhiteElo "1663"]
[BlackElo "1534"]
[PlyCount "74"]
[EventDate "2002.12.14"]
[EventType "swiss"]
[EventRounds "6"]
[EventCountry "ITA"]
[SourceTitle "EXT 2023"]
[Source "ChessBase"]
[SourceDate "2022.10.05"]
[SourceVersion "1"]
[SourceVersionDate "2022.10.05"]
[SourceQuality "1"]

1. e4 e5 2. Nf3 Nc6 3. Bb5 a6 4. Ba4 Nf6 5. 0-0 Be7 6. Re1 b5 7. Bb3 0-0 8. c3 d5 9. exd5 Nxd5 10. Nxe5 Nxe5 11. Rxe5 Nf6 12. d4 Bd6 13. Re1 Ng4 14. Be3 Re8 15. Nd2 Rxe3 16. f3 Rxe1+ 17. Qxe1 Nh6 18. Ne4 Qe7 19. Nxd6 Qxd6 20. Qe4 Rb8 21. Re1 Bb7 22. Qe2 g6 23. g4 Bd5 24. Bxd5 Qxd5 25. Qe3 Kg7 26. a3 Ng8 27. Kg2 Nf6 28. g5 Nh5 29. Qe7 Qd6 30. Qxd6 cxd6 31. Re7 Nf4+ 32. Kg3 Ne6 33. h4 Rb6 34. Ra7 Nd8 35. Kf4 Nc6 36. Rc7 Na5 37. Rd7 Nc4 0-1

[Event "Veneto-ch qf 62nd"]
[Site "Arqua Petrarca"]
[Date "2002.05.??"]
[Round "1"]
[White "Quaranta, Gaetano"]
[Black "Navarro, Stefano"]
[Result "0-1"]
[WhiteElo "1588"]
[BlackElo "2148"]
[PlyCount "70"]
[EventDate "2002.05.04"]
[EventType "swiss"]
[EventRounds "6"]
[EventCountry "ITA"]
[SourceTitle "EXT 2023"]
[Source "ChessBase"]
[SourceDate "2022.10.05"]
[SourceVersion "1"]
[SourceVersionDate "2022.10.05"]
[SourceQuality "1"]

1. d4 d5 2. Nf3 e6 3. e3 Nf6 4. Bd3 Nbd7 5. 0-0 Bd6 6. c4 c6 7. Nc3 0-0 8. Qc2 dxc4 9. Bxc4 b5 10. Bd3 Bb7 11. e4 e5 12. d5 Rc8 13. dxc6 Bxc6 14. Qd1 Nc5 15. Bxb5 Ncxe4 16. Nxe4 Bxe4 17. Bg5 Bb7 18. Rc1 Rxc1 19. Bxc1 Qb8 20. Bc4 e4 21. Nd2 Bxh2+ 22. Kh1 Bf4 23. Qc2 Qa8 24. Rg1 Ng4 25. Nf1 Bxc1 26. Qxc1 Nxf2+ 27. Kh2 Ng4+ 28. Kh1 Qd8 29. Qe1 Qd4 30. b3 Nf2+ 31. Kh2 Qe5+ 32. Ng3 Ng4+ 33. Kh1 Qg5 34. Nf1 Qh5+ 35. Nh2 Qxh2# 0-1

[Event "Padova Fornace op 4th"]
[Site "Padova"]
[Date "2001.12.16"]
[Round "2.23"]
[White "Fabiano, Manuel"]
[Black "Quaranta, Gaetano"]
[Result "0-1"]
[WhiteElo "1500"]
[BlackElo "1594"]
[PlyCount "76"]
[EventDate "2001.12.15"]
[EventType "swiss"]
[EventRounds "6"]
[EventCountry "ITA"]
[SourceTitle "EXT 2024"]
[Source "ChessBase"]
[SourceDate "2023.10.10"]
[SourceVersion "1"]
[SourceVersionDate "2023.10.10"]
[SourceQuality "1"]

1. d4 Nf6 2. Nf3 d5 3. Bf4 e6 4. Nbd2 c5 5. e3 cxd4 6. exd4 Bd6 7. Ne5 0-0 8. Bd3 Nc6 9. c3 Qc7 10. Ndf3 Nd7 11. Qe2 Ndxe5 12. Nxe5 f6 13. Qh5 f5 14. Qe2 Nxe5 15. Bxe5 Bxe5 16. Qxe5 Qxe5+ 17. dxe5 Bd7 18. f4 Rac8 19. Kd2 Bc6 20. Rhg1 Rfd8 21. Ke3 Rd7 22. g4 fxg4 23. Rxg4 Rcd8 24. Kd4 Rf7 25. h4 Rdf8 26. Rf1 h5 27. Rg6 Rxf4+ 28. Rxf4 Rxf4+ 29. Kc5 Bd7 30. Kd6 Rf7 31. Be2 Bc8 32. Bxh5 Kf8 33. Rg4 Rd7+ 34. Kc5 Rc7+ 35. Kd4 g6 36. Bxg6 Rc4+ 37. Ke3 Rxg4 38. h5 Kg7 0-1

[Event "Padova op 4th"]
[Site "Padova"]
[Date "2001.12.15"]
[Round "1"]
[White "Quaranta, Gaetano"]
[Black "Dervishi, Erald"]
[Result "0-1"]
[WhiteElo "1594"]
[BlackElo "2501"]
[PlyCount "80"]
[EventDate "2001.12.15"]
[EventType "swiss"]
[EventRounds "6"]
[EventCountry "ITA"]
[SourceTitle "EXT 2024"]
[Source "ChessBase"]
[SourceDate "2023.10.10"]
[SourceVersion "1"]
[SourceVersionDate "2023.10.10"]
[SourceQuality "1"]

1. d4 Nf6 2. c4 e6 3. Nc3 d5 4. e3 Be7 5. Nf3 0-0 6. cxd5 exd5 7. Bd3 b6 8. 0-0 Bb7 9. Bd2 Nbd7 10. Rc1 a6 11. Re1 Ne4 12. Qc2 Ndf6 13. Bxe4 dxe4 14. Ng5 Bb4 15. a3 Bxc3 16. Bxc3 a5 17. Nh3 Qd6 18. Nf4 Rfe8 19. h3 g5 20. Ne2 Nd5 21. Ng3 Qg6 22. Rf1 h5 23. Rce1 h4 24. Ne2 Ba6 25. Qd2 Re6 26. f3 exf3 27. Rxf3 Rae8 28. Nc1 Bb7 29. e4 Rxe4 30. Ref1 Nf4 31. Rxf4 gxf4 32. Rf2 f3 33. Nd3 Re2 34. Nf4 Rxd2 35. Nxg6 Rd1+ 36. Kh2 fxg2 37. Rxg2 fxg6 38. d5 Bxd5 39. Rxg6+ Kh7 40. Rg7+ Kh6 0-1